Miguel Strogoff

Saved in:
Bibliografiske detaljer
Hovedforfatter: Verne, Julio (Author)
Format: Bog
Sprog:spansk
Udgivet: Ciudad de México Porrua 1974
Udgivelse:2a. ed
Serier:Colección Sepan Cuántos, 180
Fag:
Tags: Tilføj Tag
Ingen Tags, Vær først til at tagge denne postø!

MARC

LEADER 00000nam a2200000 a 4500
001 UCY2191
003 CL-VaPUC
008 941014e19740000MX |||||||||||||||||spa|d
082 0 4 |a 843  |b VER  |2 21 
100 0 |a Verne, Julio  |e author  |9 330243 
245 1 0 |a Miguel Strogoff 
250 |a 2a. ed 
300 |a 202 p 
942 |c BK 
945 |d 19941014 00:00:00  |a oaravena 
260 |a Ciudad de México  |b Porrua  |c 1974 
650 0 |a Novela francesa  |9 264985 
583 |a last modification  |c 19941014 00:00:00  |k Rodrigo Vera 
490 0 |a Colección Sepan Cuántos, 180 
999 |c 230667  |d 230665 
952 |0 0  |1 0  |2 ddc  |4 0  |6 843_000000000000000_VER_1974  |7 0  |8 P  |9 233094  |a BIBARQ  |b BIBARQ  |d 2019-11-15  |i 3027465  |o 843 VER 1974  |p 3027465  |r 2025-01-20  |w 2019-11-15  |y BK  |k ARQ